| 000 | 00620nam a2200181 a 4500 | ||
|---|---|---|---|
| 008 | 120416s1969 ||||||||||||||||| || u | ||
| 050 | _aHD 69.D4 Wei | ||
| 100 | _aWeisselberg, Robert C | ||
| 245 | 1 | 4 | _aThe executive strategist |
| 246 | _aan armchair guide to scientific decision-making | ||
| 260 |
_aNew York _bMcGraw-Hill _c1969 |
||
| 300 | _axii, 249p. | ||
| 350 | _a0.00 | ||
| 650 | 0 | _aDECISION MAKING | |
| 650 | _aEXECUTIVES | ||
| 650 | 0 | _aMANAGEMENT | |
| 995 |
_D0.00 _FCBU-MAIN LIBRARY (Kitwe) _H1 _I0.00 _M1 _UAVAILABLE _ZAnnex Low-Usage Collection |
||
| 999 |
_c42845 _d42845 |
||